Statistics for Lana Del Ray West Coast Lyrics

Click here to take the quiz!

General Stats

  • This quiz has been taken 183 times
    (180 since last reset)
  • The average score is 266 of 381

Answer Stats

Answer% Correct
coast
100%
west
100%
I
99%
the
99%
a
98%
y
97%
yo
96%
you
96%
Down
93%
'n
93%
On
93%
on
93%
got
91%
in
91%
your
87%
Your
87%
say
86%
if
85%
they
85%
love
84%
love)
84%
no
84%
baby
83%
music
83%
my
83%
not
83%
saying
81%
can
80%
I'm
78%
i'm
78%
(I'm
78%
playing
78%
see
78%
then
78%
and
77%
drinking
75%
you're
73%
boy
72%
but
72%
don't
72%
dont
72%
swinging
70%
feel
69%
it
67%
you've
67%
feeling
64%
balcony
62%
singing
62%
this
62%
to
59%
like
58%
me
58%
his
57%
His
57%
so
57%
sweet
57%
that
57%
are
56%
move
56%
for
55%
blue
54%
could
54%
fire
54%
happen
54%
all`
53%
why
52%
much
50%
hands
49%
hot
49%
moment
49%
their
49%
touch
49%
miss
48%
that's
48%
leaving
47%
ooh
46%
Ooh
46%
up
46%
icons
41%
movies
41%
como
40%
Parliament's
39%
parliament's
39%
crazy
38%
of
38%
He's
37%
push
37%
swaying
37%
hard
36%
queens
36%
something
33%
silver
32%
alive
30%
cubano
30%
really
30%
Rock
29%
it's
28%
la
28%
roll
28%
lush
26%
groupies
25%
keeps
25%
than
25%
golden
24%
away
22%
Te
22%
Saigons
21%
pull
18%
quiet
18%
hotter
17%
one
17%
starlets
17%
higher
16%
desire
15%
ever
14%
guess
14%
wanna
14%
Cariño
13%
made
12%
deseo
11%
falling
11%
gods
11%
sure
8%

Score Distribution

Percentile by Number Answered

Percent of People with Each Score

Your Score History

You have not taken this quiz since the last reset